Loading...
Climate change 2007 :
| Main Author: | |
|---|---|
| Format: | Printed Book |
| Published: |
Cambridge ; New York :
Cambridge University Press,
2007.
|
| Subjects: | |
| Online Access: | http://www.loc.gov/catdir/enhancements/fy0806/2007282362-d.html http://www.loc.gov/catdir/enhancements/fy0806/2007282362-t.html |
| LEADER | 01770cam a22002774a 4500 | ||
|---|---|---|---|
| 020 | |a 9780521880091 (hbk.) | ||
| 020 | |a 0521880092 (hbk.) | ||
| 020 | |a 9780521705967 (pbk.) | ||
| 020 | |a 0521705967 (pbk.) | ||
| 082 | 0 | 4 | |a 551.6 |b SOL/CL |
| 100 | |a Solomon, Susan, | ||
| 245 | 0 | 0 | |a Climate change 2007 : |
| 260 | |a Cambridge ; |a New York : |b Cambridge University Press, |c 2007. | ||
| 300 | |a viii, 996 p. : |b col. ill., col. maps ; |e 1 CD-ROM (4 3/4 in.) | ||
| 500 | |a "Published for the Intergovernmental Panel on Climate Change." | ||
| 505 | 0 | |a Summary for policymakers -- Technical summary -- Historical overview of climate change science -- Changes in atmospheric constituents and radiative forcing -- Observations: atmospheric surface and climate change -- Observations: changes in snow, ice, and frozen ground -- Observations: ocean climate change and sea level -- Paleoclimate -- Coupling between changes in the climate system and biogeochemistry -- Climate models and their evaluation -- Understanding and attributing climate change -- Global climate projections -- Regional climate projections -- Annex I: Glossary -- Annex II: Contributors to the IPCC WGI Fourth Assessment Report -- Annex III: Reviewers of the IPCC WGI Fourth Assessment Report -- Annex IV: Acronyms. | |
| 650 | 0 | |a Climatic changes | |
| 650 | 0 | |a Climatic changes | |
| 650 | 0 | |a Greenhouse gas mitigation. | |
| 650 | 0 | |a Greenhouse gases | |
| 700 | 1 | |a Solomon, Susan, | |
| 856 | 4 | 2 | |u http://www.loc.gov/catdir/enhancements/fy0806/2007282362-d.html |
| 856 | 4 | 1 | |u http://www.loc.gov/catdir/enhancements/fy0806/2007282362-t.html |
| 942 | |c BK | ||
| 999 | |c 10596 |d 10596 | ||
| 952 | |0 0 |1 0 |4 0 |6 551_600000000000000_SOL_CL |7 0 |8 NFIC |9 13816 |a KUFOS |b KUFOSSFEL |c GEN |d 2016-07-27 |o 551.6 SOL/CL |p 14007 |r 2016-07-27 |y BK | ||